000
00234nam a2200097Ia 4500
008
240331s9999 xx 000 0 und d
082
_b
Hum
100
_a
Uyangoda,J
245
0
_a
Ethnic conflict in Sri lanka changing dynamics
942
_c
L
999
_c
2479
_d
2479